00473 2200181 4500001002100000005001500021008004100036020002200077035001900099041000700118082001000125090001400135100001700149245003600166260004100202300003300243650001500276INLIS00000000000468420241224112947241224||||||||| | ||| |||| || |  a978-979-27-4127-8 0010-1224004684 aid0 a004.1 a004.1 MIC0 aILT Learning00aMoicrosoft PowerPoint Untuk SMP aJakartabElex Media Komputindoc2008 ax, 165 hlm. : ilus, ; 21 cm. 0aKarya Umum